South - South cooperation (Record no. 475911)

000 -LEADER
fixed length control field 00495cam a22001457a 4500
008 - FIXED-LENGTH DATA ELEMENTS--GENERAL INFORMATION
fixed length control field 180718b1984 xxu||||| |||| 00| 0 eng d
082 ## - DEWEY DECIMAL CLASSIFICATION NUMBER
Classification number T39 In2s
100 ## - MAIN ENTRY--PERSONAL NAME
Personal name Rao, P.V. Narasimha
245 ## - TITLE STATEMENT
Title South - South cooperation
Statement of responsibility, etc. by P.V. Narasimha Rao
260 ## - PUBLICATION, DISTRIBUTION, ETC.
Place of publication, distribution, etc. New Delhi
Name of publisher, distributor, etc. Indian Institute of Public Administration
Date of publication, distribution, etc. 1984
300 ## - PHYSICAL DESCRIPTION
Extent 14p.
440 ## - SERIES STATEMENT/ADDED ENTRY--TITLE
Title Endowment lecture - 2
500 ## - GENERAL NOTE
General note Lecture delivered on annual foundation day on March 29, 1984
650 ## - SUBJECT ADDED ENTRY--TOPICAL TERM
Topical term or geographic name entry element International Economic Relations
Holdings
Withdrawn status Lost status Damaged status Not for loan Permanent Location Current Location Date acquired Full call number Barcode Date last seen Price effective from Koha item type
        Indian Institute of Public Administration Indian Institute of Public Administration 2018-08-04 T39 In2s GR11645 2018-08-04 2018-08-04 GR
        Indian Institute of Public Administration Indian Institute of Public Administration 2018-08-04 T39 In2s GR11644 2018-08-04 2018-08-04 GR
        Indian Institute of Public Administration Indian Institute of Public Administration 2018-08-04 T39 In2s GR11643 2018-08-04 2018-08-04 GR

Powered by Koha